Modern Japan : (Record no. 49501)

MARC details
000 -LEADER
campo de control de longitud fija 02524cam a2200409 i 4500
001 - NÚMERO DE CONTROL
campo de control 124491
005 - FECHA Y HORA DE LA ÚLTIMA TRANSACCIÓN
campo de control 20230410115851.0
008 - DATOS DE LONGITUD FIJA--INFORMACIÓN GENERAL
campo de control de longitud fija 150220s2016 enk b 001 0 eng
010 ## - NÚMERO DE CONTROL DE LA BIBLIOTECA DEL CONGRESO
Número de control de LC 2015006600
020 ## - NÚMERO INTERNACIONAL ESTÁNDAR DEL LIBRO
Número Internacional Estándar del Libro 9781138780835
020 ## - NÚMERO INTERNACIONAL ESTÁNDAR DEL LIBRO
Número Internacional Estándar del Libro 9781138780859
020 ## - NÚMERO INTERNACIONAL ESTÁNDAR DEL LIBRO
ISBN cancelado o inválido 9781315770444
040 ## - FUENTE DE CATALOGACIÓN
Centro catalogador/agencia de origen DLC
Lengua de catalogación eng
Centro/agencia transcriptor DLC
Normas de descripción rda
Centro/agencia modificador DLC
042 ## - CÓDIGO DE AUTENTICACIÓN
Código de autenticación pcc
043 ## - CÓDIGO DE ÁREA GEOGRÁFICA
Código de área geográfica a-jp---
050 14 - SIGNATURA TOPOGRÁFICA DE LA BIBLIOTECA DEL CONGRESO
Número de clasificación HN 723
Número de ítem T595m 2016
082 00 - NÚMERO DE LA CLASIFICACIÓN DECIMAL DEWEY
Número de clasificación 306.0952223
084 ## - OTRO NÚMERO DE CLASIFICACIÓN
Número de clasificación HIS021000
-- HIS037030
-- POL029000
Fuente del número bisacsh
100 1# - ENTRADA PRINCIPAL--NOMBRE DE PERSONA
Nombre de persona Tipton, Elise K.
245 10 - MENCIÓN DEL TÍTULO
Título Modern Japan :
Resto del título a social and political history /
Mención de responsabilidad, etc. Elise K. Tipton.
250 ## - MENCION DE EDICION
Mención de edición Third edition.
260 #1 - PUBLICACIÓN, DISTRIBUCIÓN, ETC.
Lugar de publicación, distribución, etc. London ;
-- New York, :
Nombre del editor, distribuidor, etc. Routledge, Taylor & Francis Group,
Fecha de publicación, distribución, etc. 2016.
300 ## - DESCRIPCIÓN FÍSICA
Extensión xxi, 307 pages ;
Dimensiones 24 cm.
336 ## - TIPO DE CONTENIDO
Término de tipo de contenido text
Código de tipo de contenido txt
Fuente rdacontent
337 ## - TIPO DE MEDIO
Nombre/término del tipo de medio unmediated
Código del tipo de medio n
Fuente rdamedia
338 ## - TIPO DE SOPORTE
Nombre/término del tipo de soporte volume
Código del tipo de soporte nc
Fuente rdacarrier
490 0# - MENCIÓN DE SERIE
Mención de serie Nissan Institute/Routledge Japanese studies series
520 ## - RESUMEN, ETC.
Sumario, etc. "This thoroughly revised and updated third edition of Modern Japan provides a concise and fascinating introduction to the social, cultural and political history of modern Japan. Ranging from the Tokugawa period to the present day, Tipton links everyday lives with major historical developments, charting the country's evolution into a modernized, economic and political world power. Drawing on the latest research, the book features new material on the global financial crisis, the Fukushima nuclear disaster and continuing political instability. While retaining analysis of women's issues, minorities and popular culture, this third edition's expanded coverage of Japan's role in the Second World War, life in the empire, and the history of science, medicine and technology contributes to a sense of the complexity and diversity of modern Japan. Including an updated chronology, glossary and guide to further reading as well as new maps and illustrations to help students to engage directly with the subject matter, this highly accessible and comprehensive textbook is an essential resource for students, scholars and teachers of Japanese history, politics culture and society"--
Fuente proveedora Provided by publisher.
504 ## - NOTA DE BIBLIOGRAFÍA, ETC.
Nota de bibliografía, etc. Includes bibliographical references and index.
651 #0 - PUNTO DE ACCESO ADICIONAL DE MATERIA--NOMBRE GEOGRÁFICO
Nombre geográfico Japan
Subdivisión general Social conditions.
651 #4 - PUNTO DE ACCESO ADICIONAL DE MATERIA--NOMBRE GEOGRÁFICO
Nombre geográfico Japón
Subdivisión general Condiciones sociales.
650 #7 - PUNTO DE ACCESO ADICIONAL DE MATERIA--TÉRMINO DE MATERIA
Término de materia o nombre geográfico como elemento de entrada HISTORY / Asia / Japan.
Fuente del encabezamiento o término bisacsh
650 #7 - PUNTO DE ACCESO ADICIONAL DE MATERIA--TÉRMINO DE MATERIA
Término de materia o nombre geográfico como elemento de entrada HISTORY / Modern / General.
Fuente del encabezamiento o término bisacsh
650 #7 - PUNTO DE ACCESO ADICIONAL DE MATERIA--TÉRMINO DE MATERIA
Término de materia o nombre geográfico como elemento de entrada POLITICAL SCIENCE / Public Policy / Social Policy.
Fuente del encabezamiento o término bisacsh
942 ## - ELEMENTOS DE ENTRADA SECUNDARIOS (KOHA)
Fuente del sistema de clasificación o colocación Clasificación de Library of Congress
Tipo de ítem Koha
946 ## - PROCESAMIENTO DE INFORMACIÓN LOCAL (OCLC)
a lmd
Holdings
Estatus retirado Estado de pérdida Fuente del sistema de clasificación o colocación Estado de daño No para préstamo Colección Biblioteca de origen Biblioteca actual Ubicación en estantería Fecha de adquisición Serial enumeration / chronology Signatura topográfica completa Código de barras Visto por última vez Copia número Tipo de ítem Koha
    Clasificación de Library of Congress     Ciencias Sociales Biblioteca Juan Bosch Biblioteca Juan Bosch Ciencias Sociales (3er. Piso) 10/04/2023 1 HN 723 T595m 2016 00000118175 24/10/2018 1